| 000 | 00639nam a22001937a 4500 | ||
|---|---|---|---|
| 003 | OSt | ||
| 005 | 20260119022341.0 | ||
| 008 | 260119b |||||||| |||| 00| 0 eng d | ||
| 020 | _a0764544136 | ||
| 040 |
_aDWC-Main lib _cOC |
||
| 082 | _aCirc. 641.563 M345o 2005 | ||
| 100 | _aMarks, Gil | ||
| 245 |
_aOlive Trees and Honey : _b a treasury of vegetarian recipes from Jewish communities around the world./ _cGil Marks |
||
| 260 |
_aUSA: _bWiley Publishing, inc., _cc2005. |
||
| 300 |
_a454 pages : _billustrational ; _c23cm. |
||
| 650 | _a1. International cooking | ||
| 650 | _a2. Jewish cooking | ||
| 942 |
_2ddc _cBK-CIRC _kCirc. _n0 |
||
| 999 |
_c7515 _d7515 |
||